| 000 | 01052nmc a2200373 a 4500 | ||
|---|---|---|---|
| 003 | AR-BaBNM | ||
| 005 | 20251128203639.0 | ||
| 008 | 207019s1985 ||||||||||||||000 | spa|| | ||
| 040 | _cAR-BaBNM | ||
| 245 | 1 | 0 | _aLecturas sobre educación de adultos en América Latina |
| 260 |
_aMéxico, D.F. _bCrefal _bUnesco _c1985 |
||
| 300 | 0 |
_a342 p. _bil. |
|
| 490 | 0 |
_aRetablo de papel _vv. 14 |
|
| 650 | 4 | _aEDUCACION DE ADULTOS | |
| 650 | 4 | _aALFABETIZACION | |
| 650 | 4 | _aPOBREZA | |
| 651 | 4 | _aAmérica Latina | |
| 653 | 0 | _aINVESTIGACION EDUCATIVA | |
| 653 | 0 | _aESTRATEGIAS EDUCATIVAS | |
| 653 | 0 | _aEDUCACION POPULAR | |
| 653 | 0 | _aINVESTIGACION PARTICIPATIVA | |
| 700 | 1 | _aBarquera, Humberto | |
| 700 | 1 | _aRodríguez Brandao, Carlos | |
| 700 | 1 | _aAguilar, Rubén | |
| 700 | 1 | _aNagel, José | |
| 700 | 1 | _aRodríguez F., Eugenio | |
| 700 | 1 | _aSchmelkes, Sylvia | |
| 700 | 1 | _aVío Grossi, Francisco | |
| 700 | 1 | _aKlees, Steven | |
| 700 | 1 | _aWerthein, Jorge | |
| 700 | 1 |
_aLatapí, Pablo _ecompilador |
|
| 942 | _cBK | ||
| 998 | _cCarmen | ||
| 999 |
_c4311 _d4311 |
||